[Event "Gibraltar Amateurs B"]
[Site "Gibraltar"]
[Date "2019.01.26"]
[Round "1.23"]
[White "Galinskyi, Mykhalo"]
[Black "Sharma, Pankaj"]
[Result "0-1"]
[WhiteElo "1540"]
[BlackElo "1809"]
[PlyCount "46"]
[EventDate "2019.01.26"]
[EventType "swiss"]
[EventRounds "5"]
[EventCountry "GGB"]

1. e4 e5 2. Nf3 Nf6 3. Nc3 Nc6 4. Bc4 Nxe4 5. Nxe4 d5 6. Bb5 dxe4 7. Nxe5 Qg5
8. Nxc6 Qxb5 9. Nd4 Qg5 10. g3 Bg4 11. f3 exf3 12. Nxf3 Qe7+ 13. Kf2 O-O-O 14.
d3 h5 15. h3 Bf5 16. Qe2 Qd7 17. h4 Bc5+ 18. Be3 Rhe8 19. d4 Bd6 20. c3 Bg4 21.
Qd2 Qf5 22. Bf4 Bxf4 23. Qxf4 Qc2+ 0-1

[Event "Gibraltar Amateurs B"]
[Site "Gibraltar"]
[Date "2019.01.26"]
[Round "1.24"]
[White "Dennis, Nigel W"]
[Black "Kearsley, Raymond J"]
[Result "0-1"]
[WhiteElo "1805"]
[BlackElo "1537"]
[PlyCount "62"]
[EventDate "2019.01.26"]
[EventType "swiss"]
[EventRounds "5"]
[EventCountry "GGB"]

1. e4 c5 2. Nf3 g6 3. d4 cxd4 4. Nxd4 Bg7 5. c4 Nc6 6. Nxc6 bxc6 7. Nc3 d6 8.
Be2 Nf6 9. O-O O-O 10. Be3 Bb7 11. f4 d5 12. e5 Ne4 13. Nxe4 dxe4 14. Qxd8
Rfxd8 15. Rfd1 f6 16. Bc5 fxe5 17. fxe5 Bxe5 18. Bxe7 Bd4+ 19. Kh1 Rd7 20. Bf6
c5 21. Bg4 Rd6 22. Be7 Rb6 23. Rab1 Re8 24. Bh4 e3 25. Be2 Be4 26. Bd3 e2 27.
Rd2 Bxd3 28. Rxd3 Rxb2 29. Rb3 Rxb1+ 30. Rxb1 Rf8 31. g4 Rf1+ 0-1

[Event "Gibraltar Amateurs B"]
[Site "Gibraltar"]
[Date "2019.01.26"]
[Round "1.25"]
[White "Oliva Parra, Ernesto"]
[Black "Andersen, Guttorm"]
[Result "0-1"]
[WhiteElo "1535"]
[BlackElo "1801"]
[PlyCount "132"]
[EventDate "2019.01.26"]
[EventType "swiss"]
[EventRounds "5"]
[EventCountry "GGB"]

1. e4 e5 2. Nf3 Nf6 3. Nc3 Nc6 4. Bc4 Bb4 5. d3 Bxc3+ 6. bxc3 d5 7. exd5 Nxd5
8. Qd2 Bg4 9. Ng5 O-O 10. O-O h6 11. Ne4 Kh8 12. Qe1 Nf4 13. f3 Bh5 14. Be3 b6
15. Qd2 g5 16. Ng3 Bg6 17. Rad1 Qd7 18. d4 f6 19. Bb5 a6 20. Bd3 Nxd3 21. cxd3
exd4 22. cxd4 Nxd4 23. Qb2 Rad8 24. Rd2 Nf5 25. Nxf5 Bxf5 26. d4 Qd5 27. Qc3
Rf7 28. Qb2 Rd6 29. Rc1 Rfd7 30. Qa3 a5 31. Qc3 Qf7 32. Bf2 Rd5 33. Bg3 c5 34.
Rcd1 cxd4 35. Rxd4 Be6 36. Bf2 Kg7 37. a3 Rc7 38. Qb2 Rc6 39. Qe2 Rxd4 40. Bxd4
Bc4 41. Qb2 b5 42. Kh1 Qe6 43. Qd2 Qe2 44. Bc3 Qxd2 45. Rxd2 Re6 46. Rd7+ Kg6
47. Bxa5 Re2 48. Kg1 Ra2 49. Bb4 h5 50. h3 h4 51. Bf8 Ra1+ 52. Kf2 Ra2+ 53. Kg1
Re2 54. Rd4 Rc2 55. Rd7 Rc1+ 56. Kf2 Kf5 57. Re7 Rc2+ 58. Kg1 Kf4 59. Re1 Rd2
60. Bc5 Kg3 61. Kh1 Rxg2 62. Bg1 Kxh3 63. Re3 Bd5 64. Rd3 Bb7 65. Rd7 Bxf3 66.
Rd3 Rh2# 0-1

[Event "Gibraltar Amateurs B"]
[Site "Gibraltar"]
[Date "2019.01.26"]
[Round "1.26"]
[White "Mircov, Nicola-Alexandar"]
[Black "Alonso Prieto, Victor"]
[Result "1-0"]
[WhiteElo "1797"]
[BlackElo "1500"]
[PlyCount "35"]
[EventDate "2019.01.26"]
[EventType "swiss"]
[EventRounds "5"]
[EventCountry "GGB"]

1. e4 e6 2. d4 d5 3. e5 c5 4. c3 Nc6 5. Nf3 Qb6 6. a3 a5 7. Bd3 Nh6 8. O-O Nf5
9. g4 Nfe7 10. dxc5 Qxc5 11. Be3 d4 12. cxd4 Qb6 13. d5 Qxb2 14. dxc6 Nxc6 15.
Nbd2 Nxe5 16. Bd4 Nxf3+ 17. Nxf3 Qxa1 18. Bb5+ 1-0

[Event "Gibraltar Amateurs B"]
[Site "Gibraltar"]
[Date "2019.01.26"]
[Round "1.28"]
[White "Anjali, R. Sagar"]
[Black "Elsner, Boris"]
[Result "1-0"]
[WhiteElo "1787"]
[BlackElo "1491"]
[PlyCount "45"]
[EventDate "2019.01.26"]
[EventType "swiss"]
[EventRounds "5"]
[EventCountry "GGB"]

1. e4 d6 2. d4 Nd7 3. d5 g6 4. f4 Ngf6 5. Bd3 e5 6. dxe6 fxe6 7. Nf3 Bg7 8. O-O
O-O 9. f5 Ne5 10. Nxe5 dxe5 11. fxg6 hxg6 12. Nc3 a6 13. Bg5 Bd7 14. Qe1 c5 15.
Rd1 Qe7 16. Qg3 Qd6 17. Bxf6 Kh7 18. Qh4+ Kg8 19. Be2 Qc7 20. Bxg7 Rxf1+ 21.
Rxf1 Kxg7 22. Qe7+ Kh6 23. Rf7 1-0

[Event "Gibraltar Amateurs B"]
[Site "Gibraltar"]
[Date "2019.01.26"]
[Round "1.29"]
[White "Mahi, Amit Doshi"]
[Black "Murray, J Stephen"]
[Result "1-0"]
[WhiteElo "1469"]
[BlackElo "1770"]
[PlyCount "121"]
[EventDate "2019.01.26"]
[EventType "swiss"]
[EventRounds "5"]
[EventCountry "GGB"]

1. d4 Nf6 2. Nf3 e6 3. Bf4 c5 4. c3 b6 5. e3 Bb7 6. Nbd2 Be7 7. Bd3 cxd4 8.
exd4 O-O 9. O-O d6 10. h3 Nbd7 11. Re1 Re8 12. Rc1 Qc7 13. c4 Rac8 14. c5 Qb8
15. Nb3 Bf8 16. cxd6 Bxd6 17. Ne5 Nf8 18. Rxc8 Rxc8 19. Bg3 Bd5 20. Bc2 Qb7 21.
f3 Qc7 22. Bd3 Bb7 23. Qd2 Nd5 24. Rc1 Qb8 25. Rxc8 Qxc8 26. Qe1 Qc7 27. Bf2
Nd7 28. Nxd7 Qxd7 29. Qc1 Bb8 30. Qc4 g6 31. Qb5 Bc6 32. Qc4 Qd6 33. g3 h5 34.
a3 Kg7 35. Nd2 Nf6 36. Be4 Nxe4 37. fxe4 Bb7 38. Qc3 Kf8 39. Qc4 Bc7 40. Qc3
Bd8 41. Qc4 Bg5 42. Nf3 Bf6 43. e5 Bxe5 44. Nxe5 Bd5 45. Qb4 Qxb4 46. axb4 Ke7
47. Be1 Kf6 48. Kf2 Ke7 49. Ke3 g5 50. b5 f6 51. Bb4+ Kd8 52. Nc6+ Kc7 53. Nxa7
Kb7 54. Nc6 Bxc6 55. bxc6+ Kxc6 56. Be7 f5 57. Bxg5 Kd5 58. Kd3 b5 59. Kc3 Ke4
60. Bf4 Kf3 61. Be5 1-0

[Event "Gibraltar Amateurs B"]
[Site "Gibraltar"]
[Date "2019.01.26"]
[Round "1.31"]
[White "Ralivololona, Hanitriniaina Andri"]
[Black "Poggio, Freddie"]
[Result "0-1"]
[WhiteElo "1399"]
[BlackElo "1765"]
[PlyCount "84"]
[EventDate "2019.01.26"]
[EventType "swiss"]
[EventRounds "5"]
[EventCountry "GGB"]

1. e4 c5 2. Nf3 d6 3. d4 cxd4 4. Nxd4 Nf6 5. Nc3 a6 6. Be3 Qc7 7. Qd2 Nbd7 8.
Be2 b5 9. Bd3 Bb7 10. f3 Rc8 11. O-O e6 12. Rac1 Be7 13. a3 O-O 14. Na2 d5 15.
exd5 Nxd5 16. Bg5 Bc5 17. c3 e5 18. Be3 Nxe3 19. Qxe3 exd4 20. cxd4 Bxd4 21.
Qxd4 Qb6 22. Qxb6 Nxb6 23. Rfe1 g6 24. Nc3 Rfd8 25. Be4 Bxe4 26. Nxe4 Rxc1 27.
Rxc1 Nc4 28. b3 Nxa3 29. b4 Rd4 30. Ra1 Nc2 31. Rxa6 Rxb4 32. Rb6 Rb1+ 33. Kf2
b4 34. Nc5 Nd4 35. Ke3 Nf5+ 36. Kd3 h5 37. Kc4 Ne3+ 38. Kb5 b3 39. Ka4 b2 40.
Kb3 Rg1 41. Ka2 Nc4 42. Rb4 Ra1+ 0-1

[Event "Gibraltar Amateurs B"]
[Site "Gibraltar"]
[Date "2019.01.26"]
[Round "1.32"]
[White "Lopez Valcarcel, Juan"]
[Black "Mahbubani, Dev"]
[Result "1-0"]
[WhiteElo "1761"]
[BlackElo "1343"]
[PlyCount "41"]
[EventDate "2019.01.26"]
[EventType "swiss"]
[EventRounds "5"]
[EventCountry "GGB"]

1. e4 e5 2. Nf3 Nc6 3. Bb5 d6 4. h3 Nf6 5. O-O Nxe4 6. Re1 Nf6 7. d4 Bd7 8.
dxe5 dxe5 9. Nxe5 Nxe5 10. Rxe5+ Be7 11. Qe2 c6 12. Bc4 b5 13. Bb3 Rc8 14. Bf4
c5 15. c4 bxc4 16. Bxc4 Rc6 17. Nc3 Be6 18. Bb5 Bd6 19. Rxe6+ fxe6 20. Bxc6+
Ke7 21. Rd1 1-0

[Event "Gibraltar Amateurs B"]
[Site "Gibraltar"]
[Date "2019.01.26"]
[Round "1.33"]
[White "Dhanwani, Aryan"]
[Black "Salas Martin, Javier"]
[Result "0-1"]
[WhiteElo "1323"]
[BlackElo "1749"]
[PlyCount "96"]
[EventDate "2019.01.26"]
[EventType "swiss"]
[EventRounds "5"]
[EventCountry "GGB"]

1. e4 d6 2. Nf3 e5 3. Bc4 Be7 4. d3 Nf6 5. Be3 O-O 6. O-O Nbd7 7. Nbd2 Ng4 8.
Qe2 c6 9. h3 Nxe3 10. Qxe3 a5 11. a4 Nc5 12. Nb3 Ne6 13. Bxe6 Bxe6 14. Nbd2 Rc8
15. c4 f6 16. d4 Qb6 17. d5 Qxe3 18. fxe3 cxd5 19. exd5 Bd7 20. b3 Bd8 21. Kh1
f5 22. e4 f4 23. Rfb1 Ra8 24. b4 axb4 25. Rxb4 Bc8 26. Nb3 b6 27. Nbd2 Rf7 28.
Nb1 g5 29. Nxg5 Bxg5 30. Rxb6 Ra6 31. Rxa6 Bxa6 32. Nd2 Rb7 33. Nf3 Bd8 34. Rc1
Bb6 35. Rb1 Bc5 36. Rxb7 Bxb7 37. Nd2 Ba6 38. g4 Bb4 39. Nf3 Bxc4 40. Kg2 Bd3
41. h4 Bxe4 42. h5 Bxd5 43. g5 e4 44. Nd4 Bc5 45. Nf5 e3+ 46. Kf1 Bc4+ 47. Ke1
Bb4+ 48. Kd1 e2+ 0-1

[Event "Gibraltar Amateurs B"]
[Site "Gibraltar"]
[Date "2019.01.26"]
[Round "1.34"]
[White "Oueld El Hachemi, Abdelhaq"]
[Black "Apps, Ian"]
[Result "1-0"]
[WhiteElo "1747"]
[BlackElo "1312"]
[PlyCount "45"]
[EventDate "2019.01.26"]
[EventType "swiss"]
[EventRounds "5"]
[EventCountry "GGB"]

1. d4 Nf6 2. Nf3 g6 3. Nc3 Bg7 4. e4 d6 5. Bc4 O-O 6. O-O Nbd7 7. Re1 Nb6 8.
Bb3 Bg4 9. h3 Bxf3 10. Qxf3 c6 11. Be3 Re8 12. e5 dxe5 13. dxe5 Nfd5 14. Bxb6
axb6 15. Nxd5 cxd5 16. Bxd5 e6 17. Bxb7 Ra5 18. Rad1 Qe7 19. Bc6 Rd8 20. a4
Rxd1 21. Rxd1 Bxe5 22. Rd7 Qc5 23. Qxf7+ 1-0

[Event "Gibraltar Amateurs B"]
[Site "Gibraltar"]
[Date "2019.01.26"]
[Round "1.35"]
[White "Mahbubani, Arun"]
[Black "Longdin, Michael"]
[Result "1/2-1/2"]
[WhiteElo "1261"]
[BlackElo "1735"]
[PlyCount "111"]
[EventDate "2019.01.26"]
[EventType "swiss"]
[EventRounds "5"]
[EventCountry "GGB"]

1. e4 c5 2. Nf3 d6 3. d4 cxd4 4. Nxd4 Nf6 5. Nc3 g6 6. Be3 a6 7. Qd2 b5 8. a3
Ng4 9. h3 Nxe3 10. Qxe3 e5 11. Ndxb5 axb5 12. Bxb5+ Bd7 13. O-O Nc6 14. Qd3 Be7
15. Qd5 Nd4 16. Bxd7+ Qxd7 17. Qxa8+ Bd8 18. Rac1 O-O 19. Qd5 Kg7 20. b4 f5 21.
exf5 gxf5 22. f4 Bf6 23. Kh1 Rc8 24. Nd1 Ne2 25. fxe5 Bxe5 26. Ne3 Ng3+ 27. Kg1
Qa7 28. Rf3 f4 29. Qd3 Rc3 30. Qd1 fxe3 31. Rxg3+ Bxg3 32. Qg4+ Kf6 33. Qxg3
Ke6 34. Qg4+ Ke5 35. Qg5+ Ke6 36. Kh2 Qd4 37. Rf1 Qe5+ 38. Qxe5+ Kxe5 39. Re1
Rxa3 40. b5 Kd5 41. Kg3 Kc5 42. Kf3 Rc3 43. Rxe3 Rxc2 44. Rb3 Kb6 45. h4 d5 46.
Ke3 Rxg2 47. Rb4 Kc5 48. Rb1 Rg4 49. b6 Rg8 50. b7 Rb8 51. h5 h6 52. Kd3 Kc6
53. Kd4 Kd6 54. Rb2 Kc6 55. Rb3 Kd6 56. Rb4 1/2-1/2

[Event "Gibraltar Amateurs B"]
[Site "Gibraltar"]
[Date "2019.01.26"]
[Round "1.36"]
[White "Escanciano Reyero, Daniel"]
[Black "Russell, Logan"]
[Result "1-0"]
[WhiteElo "1732"]
[BlackElo "1185"]
[PlyCount "65"]
[EventDate "2019.01.26"]
[EventType "swiss"]
[EventRounds "5"]
[EventCountry "GGB"]

1. d4 d5 2. c4 dxc4 3. e3 b5 4. a4 c6 5. axb5 cxb5 6. Qf3 a6 7. Qxa8 Qc7 8. Qf3
Nf6 9. Qg3 Qxg3 10. hxg3 Ne4 11. Be2 Bb7 12. Bf3 e6 13. Ne2 Bb4+ 14. Nbc3 O-O
15. O-O f5 16. Nxe4 Bxe4 17. Bxe4 fxe4 18. Nf4 Rf6 19. d5 e5 20. Ne2 g5 21. Nc3
Rg6 22. Nxe4 a5 23. Bd2 Bxd2 24. Nxd2 a4 25. Nf3 Nd7 26. Rfd1 h5 27. d6 Kf7 28.
Rd5 Ke6 29. Rxb5 Kxd6 30. Rxa4 Ke7 31. Rxc4 g4 32. Nxe5 Nxe5 33. Rxe5+ 1-0

[Event "Gibraltar Amateurs B"]
[Site "Gibraltar"]
[Date "2019.01.26"]
[Round "1.37"]
[White "Harbinson, Alec Ryan"]
[Black "Christophe-Hayot, Romain"]
[Result "1-0"]
[WhiteElo "1054"]
[BlackElo "1729"]
[PlyCount "39"]
[EventDate "2019.01.26"]
[EventType "swiss"]
[EventRounds "5"]
[EventCountry "GGB"]

1. e4 d6 2. Nf3 Nf6 3. Nc3 e5 4. d4 exd4 5. Nxd4 Be7 6. Bd3 Nbd7 7. f4 Nc5 8.
Be3 Bg4 9. Nf3 Nxd3+ 10. Qxd3 c6 11. h3 Bxf3 12. gxf3 d5 13. O-O-O Bb4 14. exd5
O-O 15. Rhg1 Bxc3 16. Qxc3 cxd5 17. Bd4 Rc8 18. Bxf6 Rxc3 19. Rxg7+ Kh8 20.
Rg8+ 1-0

[Event "Gibraltar Amateurs B"]
[Site "Gibraltar"]
[Date "2019.01.26"]
[Round "1.42"]
[White "Izzard, Brian J"]
[Black "Bizcocho Mellado, Gregorio"]
[Result "0-1"]
[WhiteElo "1670"]
[BlackElo "1771"]
[PlyCount "92"]
[EventDate "2019.01.26"]
[EventType "swiss"]
[EventRounds "5"]
[EventCountry "GGB"]

1. d4 Nf6 2. Nc3 g6 3. Bg5 Bg7 4. e3 d6 5. Nf3 b6 6. Bc4 Bb7 7. Qe2 Nbd7 8. Rd1
O-O 9. O-O c5 10. Rfe1 a6 11. a4 Ne4 12. Nxe4 Bxe4 13. c3 Bb7 14. e4 Re8 15. e5
d5 16. Ba2 c4 17. Qd2 Nf8 18. Bb1 b5 19. h4 Bc8 20. Bh6 Bg4 21. Bxg7 Kxg7 22.
Re3 bxa4 23. Rde1 Bxf3 24. Rxf3 e6 25. h5 Rb8 26. hxg6 fxg6 27. Rh3 Kg8 28. g3
Rb7 29. Kg2 Qb6 30. Reh1 Ree7 31. Qg5 Rg7 32. Rh6 Qxb2 33. Bxg6 Rxg6 34. Rxg6+
Nxg6 35. Qd8+ Nf8 36. Rh4 Rg7 37. Rf4 Qa3 38. Qc8 a5 39. Qa8 Qe7 40. Qxa5 a3
41. Qa8 Rf7 42. Rg4+ Kh8 43. Qb8 a2 44. Qa8 Qa7 45. Qd8 a1=Q 46. Qg5 Rg7 0-1

[Event "Gibraltar Amateurs B"]
[Site "Gibraltar"]
[Date "2019.01.27"]
[Round "2.1"]
[White "Cernuda Orejas, Victor Manuel"]
[Black "Anjali, R. Sagar"]
[Result "1-0"]
[WhiteElo "1893"]
[BlackElo "1787"]
[PlyCount "82"]
[EventDate "2019.01.26"]
[EventType "swiss"]
[EventRounds "5"]
[EventCountry "GGB"]

1. c3 Nf6 2. d4 d5 3. Bg5 Ne4 4. Be3 Bf5 5. Nd2 e6 6. Nxe4 Bxe4 7. h4 h6 8. Qb3
b6 9. Nf3 Nd7 10. Ne5 Nxe5 11. dxe5 c5 12. Qa4+ Qd7 13. Qxd7+ Kxd7 14. f3 Bh7
15. Bf2 Be7 16. O-O-O Rhd8 17. e4 Kc7 18. exd5 Rxd5 19. Rxd5 exd5 20. Kd2 Rd8
21. g4 d4 22. cxd4 cxd4 23. Bd3 Bxd3 24. Kxd3 Rd5 25. f4 f6 26. Ke4 Ra5 27.
Bxd4 Rxa2 28. exf6 Bxf6 29. Bxf6 gxf6 30. Kf5 Rxb2 31. Kxf6 Rb4 32. Ke5 Kd7 33.
g5 Ke7 34. Kf5 Kf7 35. g6+ Kg7 36. h5 Rb5+ 37. Kg4 Rc5 38. Rd1 Rc7 39. Rd8 Rb7
40. f5 b5 41. Rd6 Re7 1-0

[Event "Gibraltar Amateurs B"]
[Site "Gibraltar"]
[Date "2019.01.27"]
[Round "2.2"]
[White "Bizcocho Mellado, Gregorio"]
[Black "Pink, Joshua"]
[Result "0-1"]
[WhiteElo "1771"]
[BlackElo "1890"]
[PlyCount "148"]
[EventDate "2019.01.26"]
[EventType "swiss"]
[EventRounds "5"]
[EventCountry "GGB"]

1. e4 c6 2. d4 d5 3. exd5 cxd5 4. f4 Nc6 5. Nf3 Bg4 6. c3 e6 7. Bd3 Bd6 8. O-O
Nge7 9. Qe1 Bxf3 10. Rxf3 Qc7 11. a4 O-O-O 12. Na3 a6 13. b4 Nb8 14. b5 a5 15.
b6 Qd7 16. Nb5 Nbc6 17. Nxd6+ Qxd6 18. Ba3 Qd7 19. Bb5 Nf5 20. Bc5 Nd6 21. Rc1
h6 22. c4 Nxc4 23. Bxc4 dxc4 24. Rxc4 Qd5 25. Rfc3 Kd7 26. Qg3 Qf5 27. Rc1 Rhg8
28. Ba3 g5 29. fxg5 Qxg5 30. Qc7+ Ke8 31. g3 Qe3+ 32. Kh1 Qxa3 33. Qxb7 Qf3+
34. Kg1 Nxd4 35. Qxf3 Nxf3+ 36. Kf2 Ne5 37. Rc8 Nd3+ 38. Ke3 Nxc1 39. b7 Kd7
40. b8=Q Rxc8 41. Qb7+ Rc7 42. Qb5+ Ke7 43. Qxa5 Rgc8 44. Qb4+ Ke8 45. Qb5+ Kd8
46. Qb6 Nb3 47. a5 Ke8 48. Qb5+ Kf8 49. Qb4+ Kg8 50. Qg4+ Kh8 51. Kf2 Rc2+ 52.
Kg1 Nxa5 53. Qh5 Nb7 54. Qxh6+ Kg8 55. Qg5+ Kf8 56. Qh6+ Ke8 57. Qh8+ Kd7 58.
Qd4+ Nd6 59. Qa7+ R8c7 60. Qa4+ Ke7 61. Qh4+ f6 62. Qh7+ Nf7 63. Qd3 R2c3 64.
Qd4 e5 65. Qb4+ Nd6 66. Qh4 R7c4 67. Qh7+ Nf7 68. Qg8 Rc2 69. Qa8 e4 70. Qa7+
Kf8 71. Qa3+ Kg7 72. Qa8 e3 73. Qa5 Rc1+ 74. Kg2 e2 0-1

[Event "Gibraltar Amateurs B"]
[Site "Gibraltar"]
[Date "2019.01.27"]
[Round "2.3"]
[White "Valladolid Martin, Fco. Jose"]
[Black "Lopez Valcarcel, Juan"]
[Result "1-0"]
[WhiteElo "1878"]
[BlackElo "1761"]
[PlyCount "81"]
[EventDate "2019.01.26"]
[EventType "swiss"]
[EventRounds "5"]
[EventCountry "GGB"]

1. e4 c5 2. Nf3 d6 3. d4 cxd4 4. Nxd4 Nf6 5. f3 a6 6. c4 e6 7. Nc3 Be7 8. Be3
Nbd7 9. Be2 Qc7 10. O-O O-O 11. Rc1 Qa5 12. Nb3 Qd8 13. Nd4 Qa5 14. Nb3 Qd8 15.
Qd2 b6 16. Rfd1 Bb7 17. Bf1 Qc7 18. Qf2 Rab8 19. Rc2 Kh8 20. Nd4 Rfc8 21. Rcd2
Rd8 22. g4 d5 23. g5 e5 24. gxf6 Bxf6 25. Ndb5 axb5 26. Nxb5 Qc8 27. Nd6 Qc7
28. Nxf7+ Kg8 29. Nxd8 d4 30. Ne6 Qc6 31. Nxd4 exd4 32. Bxd4 h5 33. Bxf6 Nxf6
34. Rd8+ Rxd8 35. Rxd8+ Kh7 36. Qd4 Bc8 37. e5 Ng8 38. Bd3+ Kh8 39. Qd5 Qe6 40.
Qxe6 Bxe6 41. Rd6 1-0

[Event "Gibraltar Amateurs B"]
[Site "Gibraltar"]
[Date "2019.01.27"]
[Round "2.4"]
[White "Leimeister, Winfried"]
[Black "Oueld El Hachemi, Abdelhaq"]
[Result "1/2-1/2"]
[WhiteElo "1870"]
[BlackElo "1747"]
[PlyCount "113"]
[EventDate "2019.01.26"]
[EventType "swiss"]
[EventRounds "5"]
[EventCountry "GGB"]

1. e4 e5 2. f4 d6 3. Nf3 Nc6 4. Bc4 h6 5. d3 Be7 6. O-O Nf6 7. c3 O-O 8. b4 a6
9. a4 exf4 10. Bxf4 Be6 11. Ba2 Bxa2 12. Rxa2 Qd7 13. Re2 Qg4 14. Be3 Qh5 15.
h3 b5 16. a5 Nd7 17. d4 Bf6 18. Ne1 Rfe8 19. Nd2 Bg5 20. Bxg5 hxg5 21. Nd3 Re7
22. Qe1 Rae8 23. Rf3 Nf6 24. Rfe3 Qg6 25. g4 Nd7 26. Qf2 f6 27. Qf5 Qxf5 28.
gxf5 Kf7 29. Nf2 d5 30. Ng4 dxe4 31. Rxe4 Rxe4 32. Rxe4 Rxe4 33. Nxe4 Ne7 34.
Ne3 g6 35. fxg6+ Kxg6 36. d5 f5 37. Nc5 Nb8 38. c4 bxc4 39. Nxc4 Nxd5 40. Ne5+
Kf6 41. Ned3 Ke7 42. Nb3 Kd6 43. Nbc5 Nf6 44. Kf1 Kd5 45. Ke2 Ne4 46. Ke3 Nd6
47. Nb3 Kc4 48. Nbc5 Kc3 49. Ne6 g4 50. hxg4 fxg4 51. Nxc7 Nf5+ 52. Kf4 Kxd3
53. Kxg4 Nd4 54. Nxa6 Nxa6 55. b5 Nxb5 56. Kf5 Kc4 57. Kf4 1/2-1/2

[Event "Gibraltar Amateurs B"]
[Site "Gibraltar"]
[Date "2019.01.27"]
[Round "2.5"]
[White "Poggio, Freddie"]
[Black "Lochte, Szilvia"]
[Result "1/2-1/2"]
[WhiteElo "1765"]
[BlackElo "1868"]
[PlyCount "42"]
[EventDate "2019.01.26"]
[EventType "swiss"]
[EventRounds "5"]
[EventCountry "GGB"]

1. d4 d5 2. Nf3 Nf6 3. e3 Bf5 4. Bd3 Bxd3 5. Qxd3 c6 6. O-O e6 7. Re1 Be7 8.
Nbd2 Nbd7 9. e4 dxe4 10. Nxe4 Nxe4 11. Rxe4 Nf6 12. Re2 O-O 13. Be3 Qc7 14. h3
h6 15. Rae1 Rfd8 16. Qb3 Nd5 17. Bd2 a5 18. c3 a4 19. Qc2 Bd6 20. a3 b5 21. Bc1
Nb6 1/2-1/2

[Event "Gibraltar Amateurs B"]
[Site "Gibraltar"]
[Date "2019.01.27"]
[Round "2.6"]
[White "Salas Martin, Javier"]
[Black "Robson, Paul E"]
[Result "0-1"]
[WhiteElo "1749"]
[BlackElo "1861"]
[PlyCount "80"]
[EventDate "2019.01.26"]
[EventType "swiss"]
[EventRounds "5"]
[EventCountry "GGB"]

1. d4 Nf6 2. c4 c5 3. d5 b5 4. Qc2 bxc4 5. Nc3 d6 6. e4 g6 7. Bxc4 Bg7 8. h3
O-O 9. Nf3 Nbd7 10. O-O Nb6 11. Be2 Ne8 12. Bf4 Nc7 13. Rad1 Bb7 14. Bg5 h6 15.
Be3 Kh7 16. Rfe1 Rb8 17. h4 Ba6 18. e5 Bxe2 19. Rxe2 Nc4 20. Bc1 Qd7 21. exd6
exd6 22. b3 Nb6 23. h5 Rbe8 24. hxg6+ fxg6 25. Rxe8 Qxe8 26. Ne4 Nc8 27. Re1
Qd7 28. Nh4 Qg4 29. g3 Nxd5 30. Nxc5 dxc5 31. Qxc5 Qd4 32. Qc2 Nce7 33. Ba3 Rc8
34. Qb1 Rf8 35. Qc2 Qf6 36. Bc5 Rf7 37. Bxa7 Nf5 38. Nxf5 Qxf5 39. Qc5 Nf6 40.
Qc4 Rxa7 0-1

[Event "Gibraltar Amateurs B"]
[Site "Gibraltar"]
[Date "2019.01.27"]
[Round "2.7"]
[White "Hermes, Geoff R"]
[Black "Escanciano Reyero, Daniel"]
[Result "1/2-1/2"]
[WhiteElo "1860"]
[BlackElo "1732"]
[PlyCount "110"]
[EventDate "2019.01.26"]
[EventType "swiss"]
[EventRounds "5"]
[EventCountry "GGB"]

1. d4 Nf6 2. Bf4 g6 3. Nc3 d6 4. e4 Bg7 5. Qd2 h6 6. h4 Nbd7 7. O-O-O a6 8. Nf3
Nb6 9. Bd3 Nh5 10. Bh2 Bg4 11. e5 d5 12. e6 Bxe6 13. Ne5 Bf5 14. g4 Bxd3 15.
Qxd3 Nf6 16. Qf3 g5 17. hxg5 hxg5 18. Bg3 Rxh1 19. Rxh1 e6 20. Rh7 Kf8 21. Rh2
Qe7 22. Qe3 Nfd7 23. Nf3 Nc4 24. Qxg5 Qxg5+ 25. Nxg5 Nd6 26. Nf3 Nf6 27. g5
Nfe4 28. Nxe4 dxe4 29. Ne5 Ke7 30. Rh7 Rg8 31. Ng4 Bxd4 32. Bxd6+ cxd6 33. Nh6
Rg7 34. Rxg7 Bxg7 35. Ng4 d5 36. c3 b5 37. Kd2 Kd6 38. Ke3 a5 39. Nh6 Ke7 40.
Ng4 b4 41. cxb4 axb4 42. a3 Bxb2 43. axb4 Bc1+ 44. Kd4 Bxg5 45. Kc5 f5 46. Ne5
e3 47. fxe3 Bxe3+ 48. Kc6 f4 49. b5 Kf6 50. Nf3 Kf5 51. Kd6 Bb6 52. Kc6 Ba5 53.
Nd4+ Ke4 54. Nxe6 f3 55. Ng5+ Ke5 1/2-1/2

[Event "Gibraltar Amateurs B"]
[Site "Gibraltar"]
[Date "2019.01.27"]
[Round "2.8"]
[White "Kuenitz, Klaus"]
[Black "Johansson, Daniel 1984"]
[Result "1/2-1/2"]
[WhiteElo "1723"]
[BlackElo "1859"]
[PlyCount "116"]
[EventDate "2019.01.26"]
[EventType "swiss"]
[EventRounds "5"]
[EventCountry "GGB"]

1. d4 Nf6 2. c4 e6 3. Nf3 d5 4. Bg5 Be7 5. e3 a6 6. Nc3 O-O 7. cxd5 exd5 8. Rc1
h6 9. Bh4 Nbd7 10. Be2 b6 11. O-O Bb7 12. Ne5 Ne8 13. Bg3 Nxe5 14. Bxe5 Bd6 15.
Bxd6 Qxd6 16. Bf3 Nf6 17. Qd3 Rfe8 18. g3 Rad8 19. Qc2 g6 20. Bg2 Kg7 21. a3 h5
22. Na2 c6 23. Nb4 a5 24. Nd3 h4 25. Ne5 Nd7 26. f4 hxg3 27. hxg3 f5 28. Kf2
Nxe5 29. fxe5 Qe7 30. Rh1 Qg5 31. Rh4 Rh8 32. Rch1 Rxh4 33. Rxh4 Qe7 34. Qc1
Rh8 35. Rxh8 Kxh8 36. Qc3 Kg7 37. b4 axb4 38. Qxb4 Qc7 39. Qb3 Kf7 40. Qd1 Ke6
41. Qh1 c5 42. Qh6 cxd4 43. Qxg6+ Kxe5 44. exd4+ Kxd4 45. Qf6+ Kc4 46. Bf1+ Kb3
47. Qxf5 Qc5+ 48. Kf3 d4+ 49. Kf4 Qc1+ 50. Ke5 Qe3+ 51. Kf6 Qf3 52. g4 Kxa3 53.
g5 Qxf5+ 54. Kxf5 Kb4 55. Ke5 Kc5 56. g6 Bd5 57. g7 Bg8 58. Bd3 b5 1/2-1/2

[Event "Gibraltar Amateurs B"]
[Site "Gibraltar"]
[Date "2019.01.27"]
[Round "2.9"]
[White "Towers, Brian"]
[Black "Lane, Ryan"]
[Result "0-1"]
[WhiteElo "1710"]
[BlackElo "1851"]
[PlyCount "84"]
[EventDate "2019.01.26"]
[EventType "swiss"]
[EventRounds "5"]
[EventCountry "GGB"]

1. d4 Nf6 2. Nf3 g6 3. Bg5 Bg7 4. Nbd2 d5 5. e3 O-O 6. Bd3 c5 7. c3 cxd4 8.
exd4 Nc6 9. O-O Bg4 10. h3 Bxf3 11. Nxf3 Qc7 12. Re1 Rfe8 13. Qd2 Nd7 14. Bf4
Qb6 15. a4 e5 16. dxe5 Ndxe5 17. Nxe5 Nxe5 18. Bb5 Re7 19. Qxd5 Rd8 20. Qa2 a6
21. Bc4 Kh8 22. Bf1 Rde8 23. Be3 Qc6 24. Red1 Qe4 25. Rd4 Qf5 26. Rd2 Bf6 27.
Rad1 Bg5 28. Bxg5 Qxg5 29. Rd8 Rxd8 30. Rxd8+ Kg7 31. Qd5 Re6 32. Rb8 Rf6 33.
Qd8 Kh6 34. Qf8+ Kh5 35. Be2+ Nf3+ 36. Bxf3+ Rxf3 37. g4+ Kh4 38. Qd8 f6 39.
Qd4 Rxh3 40. Qd1 Qf4 41. Rxb7 Qh2+ 42. Kf1 Qh1+ 0-1

[Event "Gibraltar Amateurs B"]
[Site "Gibraltar"]
[Date "2019.01.27"]
[Round "2.10"]
[White "Garcia-Blazquez Perez, Manuel"]
[Black "Deus, Pedro"]
[Result "0-1"]
[WhiteElo "1849"]
[BlackElo "1729"]
[PlyCount "122"]
[EventDate "2019.01.26"]
[EventType "swiss"]
[EventRounds "5"]
[EventCountry "GGB"]

1. e4 e5 2. Nf3 Nc6 3. d4 exd4 4. Nxd4 Qh4 5. Nc3 Bb4 6. Qd3 Nxd4 7. Qxd4 Bxc3+
8. Qxc3 Qxe4+ 9. Be3 Nf6 10. Qxc7 Nd5 11. Qc5 Nxe3 12. fxe3 b6 13. Qd4 Qxd4 14.
exd4 Bb7 15. Kf2 Be4 16. Re1 d5 17. Bd3 f5 18. c4 Kd7 19. Bxe4 fxe4 20. cxd5
Rhe8 21. Ke3 Kd6 22. Rc1 Re7 23. Rhf1 g6 24. b4 Rd8 25. b5 Kxd5 26. Rc6 Rd6 27.
Rfc1 Rxc6 28. Rxc6 Rf7 29. Rc8 Rf1 30. Rd8+ Kc4 31. Kxe4 Re1+ 32. Kf3 Kxb5 33.
Rd7 Kc4 34. Rxa7 h5 35. Rg7 Re6 36. Rd7 b5 37. Kf4 Re2 38. Kf3 Rxa2 39. Rd6 b4
40. Rxg6 b3 41. Rb6 Ra1 42. d5 Rd1 43. Ke4 Kc3 44. h3 b2 45. g4 h4 46. Ke5 b1=Q
47. Rxb1 Rxb1 48. d6 Kc4 49. d7 Rd1 50. Ke6 Kc5 51. Ke7 Re1+ 52. Kf6 Rd1 53.
Ke6 Kc6 54. Kf5 Kxd7 55. Kg5 Ke6 56. Kxh4 Kf6 57. Kh5 Rd5+ 58. Kh4 Kg6 59. Kg3
Rd4 60. Kh4 Rd3 61. g5 Rd4+ 0-1